1. pokusné učební osnovy z fyziky - 7.-9. ročník ZDŠ - úkol č. 35 prováděcího plánu VÚP 1968/1969 : 7.-9. ročník ZDŠ /

Hlavní autor: Chytilová, Marta, 1907-1998
Jazyk: Čeština
Vydáno: Praha : Výzkumný ústav pedagogický, 1968
Témata:
Fyzický popis: 21 s.
Knihy
Uloženo v:
LEADER 00773nam a2200193 a 4500
001 000415116
003 CZ BrMZK
005 20020425110240.0
008 990307s1968 xr f cze d
040 |a BOA001  |b cze  |c BOA002 
100 1 |a Chytilová, Marta,  |d 1907-1998  |7 jk01050494 
245 1 0 |a 1. pokusné učební osnovy z fyziky - 7.-9. ročník ZDŠ - úkol č. 35 prováděcího plánu VÚP 1968/1969 :  |b 7.-9. ročník ZDŠ /  |c Marta Chytilová 
260 |a Praha :  |b Výzkumný ústav pedagogický,  |c 1968 
300 |a 21 s. 
500 |a Rozmnož. 
910 |a BOA001  |b PK-N-0034.529 
964 |a Fyzika - osnovy pokusné - školy základní devítileté 
990 |a BK 
996 7 |b 3119016668  |c PK-N-0034.529  |l MZK  |r Sklad / do 1 hodiny  |n 1  |p dar  |w 000415116  |u 000010  |a 1  |e BOA001  |j MZK50  |s A